| 000 -LEADER |
| fixed length control field |
00604pam a2200181 a 4500 |
| 020 ## - INTERNATIONAL STANDARD BOOK NUMBER |
| ISBN |
0070404623 |
| 082 00 - DEWEY DECIMAL CLASSIFICATION NUMBER |
| Classification number |
621.3192 |
| Item number |
M3469 1988 |
| 100 1# - MAIN ENTRY--AUTHOR NAME |
| Personal name |
Markus, John, author. |
| 245 10 - TITLE STATEMENT |
| Title |
Essential circuits reference guide / John Markus, Charles Weston. |
| 260 ## - PUBLICATION, DISTRIBUTION, ETC. (IMPRINT) |
| Place of publication |
New York : |
| Name of publisher |
McGraw-Hill, |
| Year of publication |
c1988. |
| 300 ## - PHYSICAL DESCRIPTION |
| Number of Pages |
xv, 531 pages : |
| Other physical details |
28 cm. |
| 490 ## - SERIES STATEMENT |
| Series statement |
(McGraw-Hill engineering reference guide series) |
| 500 ## - GENERAL NOTE |
| General note |
Includes index. |
| 650 #0 - SUBJECT ADDED ENTRY--TOPICAL TERM |
| Topical Term |
Electric circuits – Handbooks, manuals, etc. |
| 650 #0 - SUBJECT ADDED ENTRY--TOPICAL TERM |
| Topical Term |
Electronic circuits – Handbooks, manuals, etc. |
| 700 1# - ADDED ENTRY--PERSONAL NAME |
| Personal name |
Weston, Charles |
| 942 ## - ADDED ENTRY ELEMENTS (KOHA) |
| Koha item type |
Books |